Ética, retórica, política / (Record no. 98772)
[ view plain ]
| 000 -LEADER | |
|---|---|
| campo de control de longitud fija | 00848nam a2200265 i 4500 |
| 001 - NÚMERO DE CONTROL | |
| campo de control | 98772 |
| 003 - IDENTIFICADOR DE NÚMERO DE CONTROL | |
| campo de control | ES-MaACL |
| 005 - FECHA Y HORA DE LA ÚLTIMA TRANSACCIÓN | |
| campo de control | 20250718062539.0 |
| 007 - CAMPO FIJO DE DESCRIPCIÓN FÍSICA--INFORMACIÓN GENERAL | |
| campo de control de longitud fija | t| |
| 008 - DATOS DE LONGITUD FIJA--INFORMACIÓN GENERAL | |
| campo de control de longitud fija | 140901s2005 sp ||||1| spa d |
| 020 ## - NÚMERO INTERNACIONAL ESTÁNDAR DEL LIBRO | |
| Número Internacional Estándar del Libro | 84-206-2557-4 |
| 080 ## - NÚMERO DE LA CLASIFICACIÓN DECIMAL UNIVERSAL | |
| Número de la Clasificación Decimal Universal | 17 |
| 100 1# - ENTRADA PRINCIPAL--NOMBRE DE PERSONA | |
| Nombre de persona | Camps, Victoria. |
| 9 (RLIN) | 34320 |
| 245 10 - MENCIÓN DEL TÍTULO | |
| Título | Ética, retórica, política / |
| Mención de responsabilidad, etc. | Victoria Camps. |
| 250 ## - MENCION DE EDICION | |
| Mención de edición | [1ª ed., 3ª reimp. en Alianza Universidad]. |
| 260 ## - PUBLICACIÓN, DISTRIBUCIÓN, ETC. | |
| Lugar de publicación, distribución, etc. | Madrid : |
| Nombre del editor, distribuidor, etc. | Alianza Editorial, |
| Fecha de publicación, distribución, etc. | 2005. |
| 300 ## - DESCRIPCIÓN FÍSICA | |
| Extensión | 139 p. ; |
| Dimensiones | 20 cm. |
| 490 1# - MENCIÓN DE SERIE | |
| Mención de serie | Alianza universidad ; |
| Designación de volumen o secuencia | 557 |
| 650 #7 - PUNTO DE ACCESO ADICIONAL DE MATERIA--TÉRMINO DE MATERIA | |
| Término de materia o nombre geográfico como elemento de entrada | Ética |
| Fuente del encabezamiento o término | embne |
| 9 (RLIN) | 12577 |
| 830 0# - PUNTO DE ACCESO ADICIONAL DE SERIE-TÍTULO UNIFORME | |
| Título uniforme | Alianza universidad ; |
| Designación de volumen o secuencia | 557 |
| 9 (RLIN) | 177276 |
| 852 ## - LOCALIZACIÓN | |
| Ubicación | ES-MaACL |
| Número de control de estantería | A-13205 |
| itemnumber | 102449 |
| Sublocalización o colección | R.149802 |
| Ubicación en estantería | Depósito 1 |
| Signatura antigua | Olim: N-6205 |
| Donativo/Legado | Donación: Real Academia Española |
| 914 ## - NOMBRE ENTIDAD DE DONANTE | |
| RLIN | 6336 |
| Nombre de congreso/reunión o jurisdicción como elemento de entrada | Real Academia Española |
| Unidad subordinada | Donante |
| 942 ## - ELEMENTOS DE ENTRADA SECUNDARIOS (KOHA) | |
| Fuente del sistema de clasificación o colocación | Clasificación decimal universal |
| Tipo de ítem Koha | Libro impreso |
| Estatus retirado | Estado de pérdida | Fuente del sistema de clasificación o colocación | Estado de daño | No para préstamo | Biblioteca de origen | Biblioteca actual | Ubicación en estantería | Fecha de adquisición | Fuente de adquisición | Total de préstamos | Signatura topográfica completa | Código de barras | Visto por última vez | Precio de reemplazo | Tipo de ítem Koha |
|---|---|---|---|---|---|---|---|---|---|---|---|---|---|---|---|
| Clasificación decimal universal | Biblioteca del Ateneo de Madrid | Biblioteca del Ateneo de Madrid | Depósito 1 | 17/01/2008 | Donación | A-13205 | 1103127 | 23/02/2023 | 23/02/2023 | Libro impreso |
